01103nam a2200193Ia 4500001001000000003001000010008004100020040002500061041001400086100002300100245008500123250001100208260009000219300002800309500021400337501011400551520021400665650003000879L220-4139IT-CnALBA170116s9999||||xx |||||||||||||| ||und|| aIT-CnALBAcIT-CnALBA aBILINGUE  aDE SACY LE MAISTRE 0aSACRA SCRITTURA GIUSTA LA VOLGATA. MACCABEI E CONCORDIA DEI PROFETI. TOMO XVII.  a1a ed. a GE LUGDUNIbOLZATI AGOST., STAMPERIA c1791 [1° Ed.:1791 - Ed.Ling.Originale: 1791] a570 p. (prefazione: 17) aVECCHIO TESTAMENTO. BIBBIA ILLUSTRATA. SPIEGAZIONI LETTERALIE SPIRITUALI TRATTE DAI SS. PADRI E AUTORI ECCLESIASTICI DA DON LUIGI ISACCO, LE MAISTRE DE SACY, TRADOTTE DAL FRANCESE. TAVOLA STORICO CRONOLOGICA.  aSocietà San Paolo EM - Piazza San Paolo, 14 - 12051 ALBA (CN) (non commercial uses only) ® Copyright 2017 aVECCHIO TESTAMENTO. BIBBIA ILLUSTRATA. SPIEGAZIONI LETTERALIE SPIRITUALI TRATTE DAI SS. PADRI E AUTORI ECCLESIASTICI DA DON LUIGI ISACCO, LE MAISTRE DE SACY, TRADOTTE DAL FRANCESE. TAVOLA STORICO CRONOLOGICA.  aBIBBIA - TESTI E COMMENTI